000 00427nam a2200181Ia 4500
001 653
005 20260306140533.0
008 260306t2008||||xx |||||||||||||| ||spa||
041 _aESP
082 _a128.1
_bM57
100 _aMillán-Puelles, Antonio
_eAUT
245 0 _aLa inmortalidad del alma humana
260 _c2008
300 _a204 páginas :
_c19 cm.
650 _aGEN
654 _aCHU
942 _cLIB
_dJUS
_fJUS
_2ddc
_n
999 _c653
_d653